| 000 | 00714nam a2200229 a 4500 | ||
|---|---|---|---|
| 005 | 20240228064132.0 | ||
| 008 | 140520s2002 es r 000 0 spa d | ||
| 020 | _a8478646639 | ||
| 035 | _aUPN01000197353 | ||
| 049 | _aI | ||
| 050 | 4 |
_aPZ78 _bC3.24 |
|
| 100 | 1 |
_aCasalderrey Fraga, Fina, _d1951- _931026 |
|
| 245 | 1 | 3 |
_aEl abuelo sale de paseo / _cFina Casalderrey ; [il.] Xan López Domínguez. |
| 260 |
_aBarcelona, Esp. : _bCombel, _cc2002. |
||
| 300 |
_a22 p. : _bil. col. |
||
| 440 | 0 |
_aCaballo alado. _pAl trote |
|
| 650 | 4 |
_aLiteratura infantil española _95892 |
|
| 650 | 4 |
_aLibros y lectura para niños _92290 |
|
| 700 | 1 |
_aLópez Domínguez, Xan, _eil. |
|
| 905 | _aInfantil | ||
| 999 |
_c169454 _d169454 |
||